Un nuevo relieve. (Bobby Sands desfallece en el muro / A media asta / Sayal de pieles)

Saved in:
Bibliographic Details
Main Author: Berenguer, Carmen
Format: Unknown
Language:English
Published: Santiago, Chile. Ediciones Universidad Diego Portales, 2020.
Subjects:
Tags: Add Tag
No Tags, Be the first to tag this record!

MARC

LEADER 00000 a2200000 4500
003 CL-VaPUC
005 20230529082853.0
008 210722b2020 ||||| |||| 00| 0 eng d
020 |a 9789563144765 
040 |c Pontificia Universidad Católica de Valparaíso 
082 |a Ch861 BER 2020 
100 1 |a Berenguer, Carmen   |9 862151 
245 1 3 |a Un nuevo relieve.  |b (Bobby Sands desfallece en el muro / A media asta / Sayal de pieles) 
260 |a Santiago, Chile.  |b Ediciones Universidad Diego Portales,  |c 2020. 
300 |a 165 páginas  
583 |c 20210722 
650 |a Poesía Chilena  |y Siglo 20   |9 862264 
942 |2 ddc  |c BK 
999 |c 433356  |d 433354 
952 |0 0  |1 0  |2 ddc  |4 0  |6 CH_861_000000000000000_BER_2020  |7 0  |8 A  |9 578506  |a BIBART  |b BIBART  |d 2021-07-28  |e 135  |g 16000.00  |i 5586666  |o Ch861 BER 2020  |p 5586666  |r 2025-03-13  |t 1  |v 16000.00  |w 2021-07-28  |y BK  |k ART 
952 |0 0  |1 0  |2 ddc  |4 0  |6 CH_861_000000000000000_BER_2020  |7 0  |8 A  |9 590207  |a BIBART  |b BIBART  |c GEN  |d 2023-05-25  |e 181  |g 8000.00  |i 5657552  |o Ch861 BER 2020  |p 5657552  |r 2025-03-13  |t 2  |v 8000.00  |w 2023-05-25  |y BK  |k ART